Statistics for Countries Bordering South Africa by Area

Click here to take the quiz!

General Stats

  • This quiz has been taken 80 times
  • The average score is 6 of 6

Answer Stats

Area (km2)Border Length (km)Country% Correct
825.418967Namibia
99%
30.355909Lesotho
97%
581.7261.840Botswana
96%
390.757225Zimbabwe
95%
801.590491Mozambique
93%
17.364430Swaziland
89%

Score Distribution

Percentile by Number Answered

Percent of People with Each Score

Your Score History

You have not taken this quiz